| 000 | 00484nam a2200169 a 4500 | ||
|---|---|---|---|
| 005 | 20140412111309.0 | ||
| 008 | 030416s19uu xx 00 eng d | ||
| 020 | _a0-590-44507-3 | ||
| 050 |
_aER _bCr885 1984 |
||
| 100 | _aGage, Wilson | ||
| 245 |
_aCrow and Mrs. Gaddy (The) / _cby Wilson Gage ; picture by Marylin Hafner. |
||
| 260 |
_aNew York : _bScholastic Inc, _c1984. |
||
| 300 | _a1 v. (unp.) ; ill. | ||
| 440 | _aby Marylin Hafner | ||
| 650 | _aFiction | ||
| 999 |
_c103899 _d103899 |
||